000 01550nam a2200433 i 4500
001 92234
003 ES-MaACL
005 20250719063311.0
007 t|
008 131205s1986 sp |||| | spa d
020 _a84-7672-021-1
080 _a821.214.32-82"19"
100 1 _aTagore, Rabindranath,
_d1861-1941
_eaut
_9109071
245 1 0 _aObras selectas /
_cRabindranath Tagore ; [traducción, Equipo Editorial ED].
260 _aBarcelona :
_bEdicomunicación,
_c[1986]
300 _a3 volúmenes (1401 páginas) ;
_c21 cm.
505 0 _aVol. 1. La hermana mayor; Tránsito; Los pájaros perdidos; Ripia; La fugitiva; Regalo de amante; La religión del hombre; Chitra - v. 2. El sacrificio; Gora - v. 3. La cosecha; Gitanjali; Ciclo de primavera; El sanyasi; El cartero del rey; El rey (del salón oscuro); La casa y el mundo
740 3 2 _aLa hermana mayor.
740 0 2 _aTránsito.
740 4 2 _aLos pájaros perdidos.
740 0 2 _aLipika.
740 3 2 _aLa fugitiva.
740 0 2 _aRegalo de amante.
740 3 2 _aLa religión del hombre.
740 0 2 _aChitra.
740 3 2 _aEl sacrificio.
740 0 2 _aGora.
740 3 2 _aLa cosecha.
740 0 2 _aGitanjali.
740 0 2 _aCiclo de primavera.
740 3 2 _aEl sanyasi.
740 3 2 _aEl cartero del rey.
740 3 2 _aEl rey (del salón oscuro)
740 3 2 _aLa casa y el mundo.
852 _aES-MaACL
_cDEPO2
_hDonativo Manuel Halffter
_jG-2628-30
942 _2udc
_cMONOGRAFIA
_n0
999 _c92234
_d92234